00770ngm a2200169 a 450000100080000000500110000800800410001910000240006024500290008426000230011330000430013649000650017950000710024452002440031565000130055970000280057215111762024-10-02 1999 bl --- 0-- m #d1 aAGUIAR, A. de P. A. aFormação de pastagens. aViçosa: CPTc1999 c1 DVD (70 min), NTSC, 4:3, son. color. a(CPT. Série pastagens e alimentação animal. Manual, 192). aRoteiro e direção: Marcos Orlando de Oliveira. Acompanha manual. aComo avaliar a degradação de uma pastagem para decidir pela renovação ou recuperação; Escolha do local; Escolha da espécie forrageira; Aquisição das sementes; Preparo do solo; Semeio; Plantio de mudas; Manejo inicial de pastagens. aPastagem1 aALMEIDA, B. H. P. J. F.